| 000 | 01322nam a2200289 i 4500 | ||
|---|---|---|---|
| 001 | bg | ||
| 245 | 0 | 0 |
_aPrognozowanie rynków finansowych : _bkursy walutowe, stopy procentowe, zarządzanie aktywami / _cpod red. Christiana L. Dunisa ; przeł. Paweł Kawa. |
| 246 |
_iTyt. oryg.: _aForecasting financial markets : exchange rates, interest rates and asset management |
||
| 260 |
_aKraków : _bOficyna Ekonomiczna. Oddział Polskich Wydawnictw Profesjonalnych : _b"ABC", _c2001. |
||
| 300 |
_a344 s. : _bil. ; _c25 cm. |
||
| 490 | 1 | _aFinanse i Inwestycje | |
| 500 | _aTyt. oryg.: "Forecasting financial markets : exchange rates, interest rates and asset management" 1996. - Zbiór referatów z konferencji org. przez Chemical Bank's Quantitative Research & Trading Group oraz Imperial College w Londynie. | ||
| 504 | _aBibliogr. przy ref. - Indeks. | ||
| 650 | 9 |
_aRynek finansowy _xprognozy |
|
| 655 | _aMateriały konferencyjne | ||
| 700 | 1 |
_aDUNIS, Christian. _eRed. |
|
| 700 | 1 |
_aKawa, Paweł. _eTł. |
|
| 830 | _aFinanse i Inwestycje | ||
| 020 | _a8388597159 | ||
| 040 | _cBPK | ||
| 041 | 1 |
_apl _hen |
|
| 080 | _a336.74:336.76](061) | ||
| 920 | _a83-88597-15-9 | ||
| 942 | _cKS | ||
| 008 | s pl f |000 0 pol | ||
| 999 |
_c41899 _d41899 |
||